000 01381nam a2200361 a 4500
001 ebr10236860
003 CaPaEBR
006 m u
007 cr cn|||||||||
008 081106s2002 enka sb 001 0 eng d
020 _z9781859573334
020 _z9781859574256
020 _z1859573339
040 _aCaPaEBR
_cCaPaEBR
035 _a(OCoLC)568032903
050 1 4 _aTP1140
_b.F67 2002eb
100 1 _aForrest, Martin J.
_q(Martin John)
245 1 0 _aAnalysis of plastics
_h[electronic resource] /
_cMartin J. Forrest.
260 _aShrewsbury, U.K. :
_bRapra Technology,
_c2002.
300 _a146 p. :
_bill.
490 1 _aRapra review reports,
_x0889-3144 ;
_vv. 13, no. 5, 2002
490 1 _aReport ;
_v149
504 _aIncludes bibliographical references and index.
533 _aElectronic reproduction.
_bPalo Alto, Calif. :
_cebrary,
_d2011.
_nAvailable via World Wide Web.
_nAccess may be limited to ebrary affiliated libraries.
650 0 _aPlastics
_xAnalysis.
650 0 _aPlastics.
655 7 _aElectronic books.
_2local
710 2 _aRapra Technology Limited.
710 2 _aebrary, Inc.
830 0 _aReport (Rapra Technology Limited) ;
_v149.
830 0 _aRapra review reports ;
_vv. 13, no. 5, 2002.
856 4 0 _uhttp://site.ebrary.com/lib/rucke/Doc?id=10236860
_zAn electronic book accessible through the World Wide Web; click to view
999 _c37125
_d37125